LIBRARY & INFORMATION CENTRE, KCAET, TAVANUR

ONLINE PUBLIC ACCESS CATALOGUE (OPAC)

Laboratory manualon Irrigation engineering (Record no. 12922)

MARC details
000 -LEADER
fixed length control field 00422cam a2200181ua 4500
041 ## - LANGUAGE CODE
Language code of text/sound track or separate title eng
100 ## - MAIN ENTRY--AUTHOR NAME
Personal name Kothari, Mahesh .
245 ## - TITLE STATEMENT
Title Laboratory manualon Irrigation engineering
260 ## - PUBLICATION, DISTRIBUTION, ETC. (IMPRINT)
Place of publication Udaipur :
Name of publisher Dept. of SWC ,
Year of publication 2004.
300 ## - PHYSICAL DESCRIPTION
Number of Pages ; .
700 1# - ADDED ENTRY--PERSONAL NAME
Personal name Raj Vir, Singh .
942 ## - ADDED ENTRY ELEMENTS (KOHA)
Koha item type Books
Holdings
Withdrawn status Lost status Damaged status Home library Current library Date acquired Accession Number Koha item type
      KAUAET KAUAET 07/04/2012 21045 Books
      KAUAET KAUAET 07/04/2012 21046 Books
      KAUAET KAUAET 07/04/2012 21047 Books
      KAUAET KAUAET 07/04/2012 21048 Books
free website counter